Les 10 animaux les plus rapides dans l’eau - Statistiques

Statistiques générales
  • Ce quiz a été pris 62 fois
  • Le résultat moyen est 2 sur 10
Statistiques - réponses
Vitesse de pointe Réponse % Correct
60 k/h Dauphin
94%
56 k/h Orque
72%
50 k/h Baleine bleue
25%
110 k/h Espadon voilier
19%
70 k/m Thon rouge
13%
80 k/h Marlin bleu
8%
40 k/h Grand dauphin
4%
55 k/h Marsouin de Dall
2%
55 k/h Rorque boréal
2%
70 k/m Thazard
2%
Aucun quiz correspondant
Distribution des résultats
% des personnes avec chaque résultat
Percentile par nombre de réponses
Votre historique - résultats
Vous n’avez pas pris ce quiz